000 00748cam a2200253 a 4500
001 000010539
005 20200929162239.0
008 800731s1995 sp 000 f spa d
020 _a8420428876
035 _a(DLC) 80127745
040 _aDO-SdBNP
_bspa
_cDLC
_dBNPHU
082 _aU863.44
_bB462cu
100 1 _aBenedetti, Mario,
_d1920-2009.
_911959
245 1 3 _aEl cumpleaños de Juan Ángel /
_cMario Benedetti.
260 _aMadrid :
_bAlfaguara,
_c1995.
300 _a165 p. ;
_c18 cm.
490 1 _aAlfaguara de bolsillo
_v1
650 4 _aNovela uruguaya
_95679
650 4 _aLiteratura uruguaya
_ySIGLO XX
_916336
830 0 _aAlfaguara de bolsillo ;
_v1
_923718
910 _aCatalogación derivada
910 _aWM
049 _aBNGR
999 _c10297
_d10297